Normal view
MARC view
Entry Personal Name
001 - CONTROL NUMBER
- control field: 52796
003 - CONTROL NUMBER IDENTIFIER
- control field: ARRUPE
005 - DATE AND TIME OF LATEST TRANSACTION
- control field: 20240514112133.0
008 - FIXED-LENGTH DATA ELEMENTS
- fixed length control field: 240514|| aca||aabn | a|a d
040 ## - CATALOGING SOURCE
- Original cataloging agency: ARRUPE
- Transcribing agency: ARRUPE
100 ## - HEADING--PERSONAL NAME
- Personal name: Przeworski Adam
670 ## - SOURCE DATA FOUND
- Source citation: Work cat.: (ARRUPE)131924: Przeworski Adam., Democracy and the market;, 1991.